Score 0/20 Timer 05:00
0 Plays Today
% Correct
Stephen Hawking
86.3%
Bill Nye
84.1%
Carrie Fisher
74%
Leonard Nimoy
72.7%
Stan Lee
72.6%
James Earl Jones
72.6%
Howie Mandel
72.2%
Bob Newhart
68.6%
Neil Degrasse Tyson
60.9%
Wil Wheaton
60.8%
% Correct
George Takei & Katee Sackhoff
58%
LeVar Burton
54.7%
Nathan Fillion
43.4%
Steve Wozniak
39.8%
Elon Musk
37.7%
Christine Baranski & Laurie Metcalf
37.2%
Buzz Aldrin
34.5%
Brent Spiner
31.2%
Summer Glau
30.9%
Keith Carradine
22.2%
Remove Ads.
Support Sporcle.
Get the best of Sporcle when you Go Orange. This ad-free experience offers more features, more stats, and more fun while also helping to support Sporcle. Thank you for becoming a member.

You're not logged in!

Compare scores with friends on all Sporcle quizzes.
OR
Log In

Show Comments

Extras

Top Quizzes Today


Score Distribution

Your Account Isn't Verified!

In order to create a playlist on Sporcle, you need to verify the email address you used during registration. Go to your Sporcle Settings to finish the process.

Report this User

Report this user for behavior that violates our Community Guidelines.

Details: